| 000 | 00607nam a22002297a 4500 | ||
|---|---|---|---|
| 003 | UA-OsUOA | ||
| 001 | 42419 | ||
| 007 | ta | ||
| 008 | 20061106b un ||||| |||| 00| 0 ukr d | ||
| 090 | _a94(44) | ||
| 942 | _cBK | ||
| 040 |
_aUA-OsUOA _bfre _cUA-OsUOA _dUA-OsUOA |
||
| 245 | _aLe regime de synodalite selon la legislation canonique cjnciliaire, oecumenique, dui millenaire | ||
| 300 | _a10023 с. | ||
| 955 | _a2 | ||
| 041 | _afre | ||
| 080 | _a94(44) | ||
| 020 | _a973-99039-3-2 | ||
| 260 | _c1995 | ||
| 650 | 7 |
_a9 Географія. Біографії. Історія _2UDC |
|
| 999 |
_c328533 _d328533 |
||